[Event "Stuttgarter Stadtmeisterschaft 2010 A"]
[Site "Ditzingen"]
[Date "2010.05.15"]
[Round "5.29"]
[White "Muth, Roland"]
[Black "Göbel, Constantin"]
[Result "0-1"]
[WhiteElo "2125"]
[BlackElo "2011"]
[PlyCount "72"]
[EventDate "2010.??.??"]
[WhiteTeam "Sabt SpVgg Rommelshausen"]
[BlackTeam "SC Ladja Roßdorf"]

1. e4 c5 2. g3 d5 3. exd5 Qxd5 4. Nf3 Bg4 5. Bg2 Qe6+ 6. Kf1 Nc6 7. h3 Bf5 8.
d3 Rd8 9. Ng5 Qd7 10. Na3 Nf6 11. Qe1 Nd4 12. Kg1 e6 13. Kh2 Nd5 14. Be3 Be7
15. Nf3 Nxe3 16. fxe3 Nxf3+ 17. Bxf3 O-O 18. Nc4 Qc7 19. Qf2 b5 20. Nd2 c4 21.
d4 Bxc2 22. Nxc4 Qxc4 23. Rhc1 Rc8 24. Bd1 Bg5 25. Bxc2 Qd5 26. Bd3 g6 27. h4
Bh6 28. a3 e5 29. Rc3 Bxe3 30. Qe2 Bxd4 31. Rxc8 Rxc8 32. Bxb5 Qb3 33. Kh3 Rc2
34. Qf1 Qe6+ 35. g4 Qb3+ 36. Bd3 Rd2 0-1

[Event "Stuttgarter Stadtmeisterschaft 2010 A"]
[Site "Ditzingen"]
[Date "2010.05.15"]
[Round "5.57"]
[White "Mainik, Philipp"]
[Black "Schlachetzki, Horst"]
[Result "0-1"]
[WhiteElo "1716"]
[BlackElo "1948"]
[PlyCount "94"]
[EventDate "2010.??.??"]
[WhiteTeam "SV Fellbach"]
[BlackTeam "SC Leinfelden"]

1. e4 c5 2. Nc3 d6 3. g3 g6 4. Bg2 Bg7 5. d3 Nc6 6. f4 e6 7. Nge2 Nge7 8. O-O
O-O 9. g4 f5 10. Ng3 a6 11. gxf5 exf5 12. h4 Bd4+ 13. Kh2 Kg7 14. h5 Ng8 15.
Bh3 Nh6 16. Kg2 Kg8 17. Nd5 Ne7 18. Ne3 b5 19. hxg6 hxg6 20. exf5 Bb7+ 21. Kh2
Bxe3 22. Bxe3 Nexf5 23. Nxf5 Nxf5 24. Qg4 Qf6 25. Bd2 b4 26. c3 a5 27. Rae1
Rae8 28. Bg2 Bxg2 29. Kxg2 Kf7 30. Kf2 Rh8 31. Rg1 Rxe1 32. Bxe1 Qe6 33. Bd2
Rh2+ 34. Rg2 Rh4 35. Qg5 Rh5 36. Qg4 d5 37. cxb4 cxb4 38. b3 Qb6+ 39. Ke2 Nd4+
40. Kf1 Nf5 41. Ke2 Rh1 42. d4 Nxd4+ 43. Kd3 Nf5 44. Kc2 Qc6+ 45. Kb2 d4 46.
Rg1 Rh2 47. Qd1 Qc3+ 0-1

[Event "Stuttgarter Stadtmeisterschaft 2010 A"]
[Site "Ditzingen"]
[Date "2010.05.15"]
[Round "5.58"]
[White "Ohnmacht, Rolf"]
[Black "Naundorf, Jo-Jan"]
[Result "1-0"]
[WhiteElo "1946"]
[BlackElo "1809"]
[PlyCount "107"]
[EventDate "2010.??.??"]
[WhiteTeam "SC Niefern-Öschelbronn"]
[BlackTeam "SF Oeffingen e.V."]

1. e4 c5 2. Nc3 d6 3. g3 Nf6 4. Bg2 g6 5. d3 Bg7 6. f4 e6 7. Be3 Qb6 8. Rb1 Nc6
9. h3 Qa5 10. Nge2 Rb8 11. O-O Bd7 12. d4 cxd4 13. Nxd4 Nxd4 14. Qxd4 O-O 15.
Qxd6 Rfd8 16. Qc5 Qxc5 17. Bxc5 b6 18. Bf2 Bc6 19. Rbd1 Nd7 20. e5 Bxg2 21.
Kxg2 Bf8 22. Ne4 Be7 23. Kf3 f5 24. exf6 Nxf6 25. Ng5 Rxd1 26. Rxd1 Rc8 27. c3
Rc6 28. Re1 Rd6 29. Rxe6 Rxe6 30. Nxe6 Nd7 31. Ke4 Kf7 32. Nc7 Nc5+ 33. Bxc5
Bxc5 34. Nb5 a6 35. Nc7 a5 36. a4 Kf6 37. g4 g5 38. f5 h6 39. Kd5 h5 40. Ne6
Be3 41. b3 Bd2 42. Kd4 Be1 43. Nc7 Bf2+ 44. Kc4 Ke5 45. Nb5 hxg4 46. hxg4 Bc5
47. b4 Be7 48. Nc7 Kd6 49. Ne6 Kc6 50. Nd4+ Kd6 51. bxa5 bxa5 52. Kb5 Bd8 53.
Ne6 Bf6 54. c4 1-0

[Event "Stuttgarter Stadtmeisterschaft 2010 A"]
[Site "Ditzingen"]
[Date "2010.05.15"]
[Round "5.32"]
[White "Aksenov, Pavel"]
[Black "Yin, Stanley"]
[Result "1-0"]
[WhiteElo "2105"]
[BlackElo "1976"]
[PlyCount "57"]
[EventDate "2010.??.??"]
[WhiteTeam "SK Bietigheim-Bissingen"]
[BlackTeam "SC Noris-Tarrasch Nürnberg 1873"]

1. d4 d5 2. c4 Nc6 3. e3 e5 4. dxe5 Be6 5. cxd5 Bxd5 6. Nc3 Bb4 7. Bd2 Nge7 8.
f4 Bxc3 9. Bxc3 Nf5 10. Qd2 Qh4+ 11. Qf2 O-O-O 12. Qxh4 Nxh4 13. Kf2 Ne7 14.
Nf3 Nxf3 15. gxf3 Bc6 16. Rg1 Nd5 17. Rxg7 Nxc3 18. bxc3 Rd2+ 19. Kg3 h5 20. h4
Rc2 21. c4 Rd8 22. f5 Re8 23. Kf4 Rh2 24. Rxf7 Rxh4+ 25. Kg5 Rh1 26. e4 Rg8+
27. Kf6 Rhg1 28. e6 b6 29. e7 1-0

[Event "Stuttgarter Stadtmeisterschaft 2010 A"]
[Site "Ditzingen"]
[Date "2010.05.15"]
[Round "5.42"]
[White "Roth, Stefan"]
[Black "Schnepel, Thomas"]
[Result "1-0"]
[WhiteElo "2034"]
[BlackElo "1957"]
[PlyCount "55"]
[EventDate "2010.??.??"]
[WhiteTeam "SG Kaiserslautern 1905"]
[BlackTeam "SC Pforzheim 1906"]

1. e4 c5 2. Nf3 Nc6 3. c4 d6 4. d4 Bg4 5. d5 Bxf3 6. gxf3 Nd4 7. Be3 g6 8. Bxd4
cxd4 9. Qxd4 Nf6 10. Nc3 Bg7 11. O-O-O O-O 12. Qe3 Rc8 13. Be2 Nd7 14. Kb1 Ne5
15. h4 Qa5 16. h5 Rxc4 17. Bxc4 Nxc4 18. Qc1 Rc8 19. Rd3 Qb4 20. hxg6 fxg6 21.
f4 a5 22. Rhh3 a4 23. f5 g5 24. Rhg3 Ne5 25. Qxg5 Ng6 26. fxg6 h6 27. Qxe7 a3
28. Qe6+ 1-0

[Event "Stuttgarter Stadtmeisterschaft 2010 A"]
[Site "Ditzingen"]
[Date "2010.05.15"]
[Round "5.53"]
[White "Schmid, Eugen"]
[Black "Viehoff, Jürgen"]
[Result "1-0"]
[WhiteElo "1974"]
[BlackElo "1886"]
[PlyCount "41"]
[EventDate "2010.??.??"]
[WhiteTeam "SV Herrenberg e.V."]
[BlackTeam "SC Stetten a.d.F."]

1. d4 Nf6 2. Nf3 e6 3. g3 d5 4. Bg2 c6 5. O-O Bd6 6. c4 dxc4 7. Qc2 Nbd7 8.
Qxc4 O-O 9. Nc3 e5 10. e4 exd4 11. Qxd4 Bc5 12. Qc4 b5 13. Qe2 Re8 14. Bg5 h6
15. Bxf6 Nxf6 16. e5 Qc7 17. Qc2 Nd5 18. Nxd5 cxd5 19. Rac1 Bxf2+ 20. Qxf2 Qa5
21. Nd4 1-0

[Event "Stuttgarter Stadtmeisterschaft 2010 A"]
[Site "Ditzingen"]
[Date "2010.05.15"]
[Round "5.22"]
[White "Petermann, Michail"]
[Black "Lipecki, Alexander"]
[Result "1-0"]
[WhiteElo "2060"]
[BlackElo "2140"]
[PlyCount "123"]
[EventDate "2010.??.??"]
[WhiteTeam "SC Untergrombach 46"]

1. e4 e6 2. d4 d5 3. Nd2 Nc6 4. Ngf3 Nf6 5. e5 Nd7 6. Nb3 f6 7. Bb5 Qe7 8. O-O
Qf7 9. Qe2 Be7 10. c4 dxc4 11. Qxc4 O-O 12. Bxc6 Nb6 13. Qe2 bxc6 14. exf6 gxf6
15. Bh6 Rd8 16. Rac1 Bd6 17. Rfe1 Qh5 18. Bd2 Kh8 19. Nc5 Bxc5 20. dxc5 Nd5 21.
Nd4 Qxe2 22. Rxe2 Nf4 23. Bxf4 Rxd4 24. Bxc7 e5 25. Rxe5 Rd7 26. Re8+ Kg7 27.
Bd6 Bb7 28. Rce1 Rxe8 29. Rxe8 Kf7 30. Re3 Ba6 31. f3 Bc4 32. b3 Bd5 33. Kf2 a5
34. Ke1 Rb7 35. Kd1 a4 36. bxa4 Bxa2 37. Ra3 Bc4 38. Kc2 Ke6 39. Kc3 Kd5 40. a5
Ba6 41. Rb3 Rxb3+ 42. Kxb3 Kd4 43. Kc2 Ke3 44. Kd1 f5 45. Ke1 f4 46. Be5 Bc8
47. Bb2 Kd3 48. Bc1 Kc4 49. Bxf4 Kxc5 50. Ke2 Kd5 51. Ke3 c5 52. Bh6 Bb7 53.
Bg7 Kc4 54. g4 Kb4 55. f4 Kxa5 56. f5 Kb6 57. Kf4 Kc7 58. Kg5 Bf3 59. f6 Bd5
60. Kh6 Kd7 61. Bf8 Ke6 62. Kg7 1-0

[Event "Stuttgarter Stadtmeisterschaft 2010 A"]
[Site "Ditzingen"]
[Date "2010.05.15"]
[Round "5.21"]
[White "Arounopoulos, Stephan"]
[Black "Maisch, Julian"]
[Result "1-0"]
[WhiteElo "2141"]
[BlackElo "1862"]
[PlyCount "111"]
[EventDate "2010.??.??"]
[WhiteTeam "SK e4 Gerlingen"]
[BlackTeam "SF 59 Kornwestheim"]

1. d4 Nf6 2. Nf3 g6 3. c4 Bg7 4. Nc3 d5 5. cxd5 Nxd5 6. e4 Nxc3 7. bxc3 O-O 8.
Rb1 c5 9. Be2 cxd4 10. cxd4 Nc6 11. d5 Ne5 12. O-O Nxf3+ 13. Bxf3 b6 14. Qa4
Qd7 15. Qa3 Bb7 16. Bg5 f6 17. Be3 e6 18. Rbc1 Rfd8 19. Rfd1 exd5 20. exd5 Bf8
21. Qc3 Qd6 22. Qd4 Qe5 23. Qxe5 fxe5 24. Bg5 Rdc8 25. Rxc8 Rxc8 26. Bg4 Bd6
27. Bxc8 Bxc8 28. Rc1 Bb7 29. Be7 Bxe7 30. Rc7 Bxd5 31. Rxe7 Bxa2 32. Rxa7 Bc4
33. f3 b5 34. Kf2 h5 35. Re7 Kf8 36. Rxe5 Kf7 37. Ke3 Kf6 38. Rc5 Bf1 39. g3
Bc4 40. Kf4 Bd3 41. Rc6+ Ke7 42. Ke5 Kf7 43. Rc7+ Kg8 44. Kf6 Kh8 45. Rd7 Bc2
46. Rb7 Bd3 47. g4 hxg4 48. fxg4 Kg8 49. h4 Kh8 50. h5 gxh5 51. g5 h4 52. g6
Bc4 53. Rb8+ Bg8 54. Rxb5 Bc4 55. Rh5+ Kg8 56. g7 1-0

[Event "Stuttgarter Stadtmeisterschaft 2010 A"]
[Site "Ditzingen"]
[Date "2010.05.15"]
[Round "5.35"]
[White "Gustain, Marc"]
[Black "Tominski, Norbert"]
[Result "1/2-1/2"]
[WhiteElo "2085"]
[BlackElo "1921"]
[PlyCount "32"]
[EventDate "2010.??.??"]
[WhiteTeam "SF Deizisau"]
[BlackTeam "VfR-SC Koblenz"]

1. e4 c6 2. d4 d5 3. f3 g6 4. Nc3 Bg7 5. Be3 dxe4 6. fxe4 Nf6 7. Nf3 Ng4 8. Qd2
Nxe3 9. Qxe3 Qb6 10. O-O-O Bg4 11. Bc4 O-O 12. h3 Bxf3 13. gxf3 e5 14. Ne2 exd4
15. Nxd4 Nd7 16. c3 Ne5 1/2-1/2

[Event "Stuttgarter Stadtmeisterschaft 2010 A"]
[Site "Ditzingen"]
[Date "2010.05.15"]
[Round "5.46"]
[White "Rempeli, Alex"]
[Black "Paul, Mathias"]
[Result "0-1"]
[WhiteElo "1807"]
[BlackElo "2009"]
[PlyCount "100"]
[EventDate "2010.??.??"]
[WhiteTeam "SF Deizisau"]

1. d4 Nf6 2. c4 g6 3. Nc3 Bg7 4. e4 d6 5. Nf3 O-O 6. Be2 e5 7. O-O Nc6 8. d5
Ne7 9. b4 Nh5 10. c5 f5 11. Qb3 Kh8 12. a4 Nf6 13. cxd6 cxd6 14. Ng5 h6 15. Ne6
Bxe6 16. dxe6 Nxe4 17. Nxe4 fxe4 18. b5 Rf6 19. Bg4 Nf5 20. Rd1 Qe7 21. Qh3 Kg8
22. Ba3 Rd8 23. Rac1 Qxe6 24. Rc7 Rf7 25. Qc3 d5 26. Qa5 Qb6 27. Qxb6 axb6 28.
Rdc1 d4 29. Rxf7 Kxf7 30. Rc7+ Kg8 31. Bd1 d3 32. Bc1 d2 33. Bb2 e3 34. Kf1
exf2 35. Kxf2 e4 36. Bxg7 Nxg7 37. Ke3 Ne8 38. Rc2 Nd6 39. g4 Kg7 40. Kxd2 Nf5+
41. Ke1 Rxd1+ 42. Kxd1 Ne3+ 43. Kd2 Nxc2 44. Kxc2 Kf6 45. Kd2 Ke5 46. Ke3 g5
47. h3 Kd5 48. Ke2 Kd4 49. Kd2 e3+ 50. Ke1 Ke4 0-1

[Event "Stuttgarter Stadtmeisterschaft 2010 A"]
[Site "Ditzingen"]
[Date "2010.05.15"]
[Round "5.52"]
[White "Hoffmann, Jonas"]
[Black "Körber, Thomas"]
[Result "1/2-1/2"]
[WhiteElo "1910"]
[BlackElo "2002"]
[PlyCount "47"]
[EventDate "2010.??.??"]
[WhiteTeam "SK Enkenbach"]
[BlackTeam "SF Fürth 1951 e.V."]

1. d4 f5 2. c4 Nf6 3. Nc3 d6 4. g3 g6 5. Bg2 Bg7 6. Nf3 O-O 7. O-O Qe8 8. Re1
Qf7 9. Qb3 Ne4 10. d5 Na6 11. Ng5 Nxg5 12. Bxg5 h6 13. Bd2 Nc5 14. Qc2 e5 15.
dxe6 Nxe6 16. e3 c6 17. Ne2 Nc5 18. Bc3 Qxc4 19. b3 Qf7 20. Rad1 Bxc3 21. Nxc3
Qf6 22. b4 Nd7 23. b5 d5 24. bxc6 1/2-1/2

[Event "Stuttgarter Stadtmeisterschaft 2010 A"]
[Site "Ditzingen"]
[Date "2010.05.15"]
[Round "5.33"]
[White "Schröder, Jan-Christian"]
[Black "Imhof, Thomas"]
[Result "1/2-1/2"]
[WhiteElo "1965"]
[BlackElo "2094"]
[PlyCount "60"]
[EventDate "2010.??.??"]
[WhiteTeam "SV Lahn Limburg"]
[BlackTeam "SGem Vaihingen-Rohr"]

1. e4 c5 2. Nf3 d6 3. d4 cxd4 4. Nxd4 Nf6 5. Nc3 g6 6. Be3 Bg7 7. f3 Nc6 8. Qd2
O-O 9. Bc4 Bd7 10. O-O-O Rc8 11. Bb3 Ne5 12. Kb1 Nc4 13. Bxc4 Rxc4 14. g4 a6
15. h4 h5 16. Nd5 hxg4 17. Nxf6+ Bxf6 18. h5 Qb6 19. Nb3 Qc7 20. hxg6 fxg6 21.
Bd4 e5 22. Bb6 Qxb6 23. Qd5+ Kg7 24. Qxc4 gxf3 25. Nc5 Qxc5 26. Qxc5 dxc5 27.
Rxd7+ Kg8 28. Rh6 g5 29. Rg6+ Kh8 30. Rh6+ Kg8 1/2-1/2

[Event "Stuttgarter Stadtmeisterschaft 2010 A"]
[Site "Ditzingen"]
[Date "2010.05.15"]
[Round "5.39"]
[White "Gibicar, Danijel"]
[Black "Weiler, Dieter"]
[Result "0-1"]
[WhiteElo "1965"]
[BlackElo "2202"]
[PlyCount "100"]
[EventDate "2010.??.??"]
[WhiteTeam "SK Bebenhausen 1992"]

1. d4 d5 2. c4 e6 3. Nf3 Nf6 4. g3 Be7 5. Bg2 O-O 6. O-O dxc4 7. Qc2 a6 8. Qxc4
b5 9. Qc2 Bb7 10. Bd2 Be4 11. Qc1 Nbd7 12. Ba5 Rc8 13. Nbd2 Bd5 14. Qc2 Qe8 15.
e4 Ba8 16. b4 Nb8 17. Ne5 Nfd7 18. Nd3 Nb6 19. Nc5 Bxc5 20. bxc5 N6d7 21. Nb3
f5 22. Rfe1 f4 23. Bd2 f3 24. Bh3 Rf6 25. Qd3 Qh5 26. Bf1 Rcf8 27. Rad1 Rg6 28.
Bc1 Nf6 29. Nd2 Nbd7 30. Nb1 Rxg3+ 31. fxg3 f2+ 32. Kg2 fxe1=N+ 33. Rxe1 Nxe4
34. Rxe4 Nf6 35. Nd2 Nxe4 36. Nxe4 Qf5 37. Kg1 Qxe4 38. Qxe4 Bxe4 39. Bf4 c6
40. Bh3 Bd5 41. a3 h6 42. Bg4 a5 43. Bd2 b4 44. axb4 a4 45. Bc3 a3 46. Ba1 Bc4
47. Bc3 a2 48. Kg2 Bd5+ 49. Kg1 Ra8 50. Ba1 Rb8 0-1

[Event "Stuttgarter Stadtmeisterschaft 2010 A"]
[Site "Ditzingen"]
[Date "2010.05.15"]
[Round "5.36"]
[White "Scherer, Holger"]
[Black "Kvetny, Mark"]
[Result "1/2-1/2"]
[WhiteElo "2082"]
[BlackElo "1916"]
[PlyCount "158"]
[EventDate "2010.??.??"]
[WhiteTeam "SK Lauffen"]
[BlackTeam "SV Altbach e.V."]

1. e4 c5 2. Nf3 d6 3. d4 cxd4 4. Nxd4 Nf6 5. Nc3 a6 6. a4 e5 7. Nf3 Qc7 8. Bg5
Nbd7 9. Nd2 b6 10. Bc4 Bb7 11. Qe2 Be7 12. O-O O-O 13. Rfd1 Nc5 14. Bxf6 Bxf6
15. Bd5 Ne6 16. Bxb7 Qxb7 17. Nd5 Bg5 18. Nc4 Nd4 19. Qd3 b5 20. axb5 axb5 21.
Rxa8 Rxa8 22. Nxd6 Qc6 23. c3 Qxd6 24. cxd4 h5 25. h3 Ra4 26. Qxb5 Rxd4 27. Qe2
g6 28. Rxd4 exd4 29. Qd3 Qc5 30. b4 Qc1+ 31. Kh2 h4 32. Qxd4 Bf4+ 33. Nxf4
Qxf4+ 34. g3 hxg3+ 35. fxg3 Qf3 36. Qb2 Qxe4 37. b5 Qb7 38. b6 Kh7 39. h4 Kg8
40. Qb5 Kh7 41. Kg1 Kg8 42. Kf2 Kh7 43. Ke3 Qe7+ 44. Kd4 Qd6+ 45. Kc4 Qe6+ 46.
Kb4 Qe1+ 47. Kc4 Qe6+ 48. Kd4 Qd6+ 49. Ke4 Qe7+ 50. Kf3 Qb7+ 51. Kf2 Kg8 52.
Qc5 Qe4 53. Qc8+ Kh7 54. b7 Qd4+ 55. Kg2 Qe4+ 56. Kf2 Qd4+ 57. Ke2 Qe4+ 58. Kd2
Qd4+ 59. Kc2 Qf2+ 60. Kb3 Qxg3+ 61. Kb4 Qxh4+ 62. Kb5 Qg5+ 63. Qc5 Qd8 64. Ka6
Qb8 65. Qb4 Kg8 66. Qe7 Kg7 67. Qd7 Qe5 68. Ka7 Qa5+ 69. Kb8 Qe5+ 70. Kc8 Qc5+
71. Qc7 Qf5+ 72. Kb8 Qb5 73. Qe7 Qc6 74. Qe5+ Kh7 75. Ka7 Qa4+ 76. Kb6 Qb4+ 77.
Kc6 Qc4+ 78. Kd7 Qa4+ 79. Ke7 Qb4+ 1/2-1/2

[Event "Stuttgarter Stadtmeisterschaft 2010 A"]
[Site "Ditzingen"]
[Date "2010.05.15"]
[Round "5.20"]
[White "Montigel, Philipp"]
[Black "Keller, Harald"]
[Result "1/2-1/2"]
[WhiteElo "2162"]
[BlackElo "2052"]
[PlyCount "78"]
[EventDate "2010.??.??"]
[WhiteTeam "SV Stuttgart-Wolfbusch 1956 e.V."]
[BlackTeam "SV Rottweil"]

1. f4 Nf6 2. Nf3 d5 3. g3 c5 4. Bg2 Nc6 5. O-O g6 6. d3 Bg7 7. Qe1 O-O 8. e4
dxe4 9. dxe4 b6 10. e5 Nd5 11. Nc3 Nxc3 12. Qxc3 Qc7 13. Be3 Bb7 14. Rad1 Rad8
15. Ng5 h6 16. Ne4 Nb4 17. Qb3 Bd5 18. c4 Be6 19. Nc3 Qc8 20. Nd5 Nc6 21. Qa4
Kh8 22. Nxb6 axb6 23. Bxc6 Rxd1 24. Rxd1 Bxc4 25. Qxc4 Qxc6 26. Kf2 e6 27. a4
Qa8 28. b3 Rd8 29. Rxd8+ Qxd8 30. b4 Bf8 31. bxc5 Bxc5 32. Bxc5 bxc5 33. Ke2
Qa5 34. Qb5 Qc3 35. a5 c4 36. a6 Kg7 37. Qb8 Qd3+ 38. Kf2 Qd2+ 39. Kf3 Qd1+
1/2-1/2

[Event "Stuttgarter Stadtmeisterschaft 2010 A"]
[Site "Ditzingen"]
[Date "2010.05.15"]
[Round "5.19"]
[White "Häcker, Sonja"]
[Black "Höschele, Hans-Ulrich"]
[Result "0-1"]
[WhiteElo "2064"]
[BlackElo "2163"]
[PlyCount "132"]
[EventDate "2010.??.??"]
[WhiteTeam "SV Stuttgart-Wolfbusch 1956 e.V."]
[BlackTeam "Stuttgarter SF 1879"]

1. e4 d6 2. d4 Nf6 3. Nc3 c6 4. Nf3 Qc7 5. Be2 e5 6. O-O Be7 7. Re1 Nbd7 8. h3
Nf8 9. Be3 Ng6 10. Qd2 O-O 11. Rad1 Ne8 12. Bc4 Be6 13. Bb3 Bxb3 14. axb3 f5
15. exf5 Rxf5 16. dxe5 Nxe5 17. Nd4 Rf7 18. Bf4 Ng6 19. Bg3 Qc8 20. Ne4 d5 21.
Ng5 Bxg5 22. Qxg5 Nf6 23. f3 Qd7 24. Re2 Re8 25. Rde1 Rfe7 26. Rxe7 Rxe7 27.
Rxe7 Qxe7 28. Qf5 Nf8 29. Kh2 a6 30. Qd3 Nh5 31. Nf5 Qg5 32. Bh4 Qf4+ 33. g3
Qe5 34. Ne7+ Kf7 35. Qf5+ Qxf5 36. Nxf5 Ke6 37. g4 g6 38. Nd4+ Ke5 39. c3 Ng7
40. Bg3+ Kf6 41. h4 Nfe6 42. Bf2 Nf4 43. Nc2 Nge6 44. Ne1 c5 45. Be3 d4 46.
cxd4 cxd4 47. Bd2 Ke5 48. Kg3 Ne2+ 49. Kf2 N2f4 50. Kg3 Nd5 51. Nd3+ Kd6 52. f4
Nf6 53. Kf3 Nc5 54. Nxc5 Kxc5 55. f5 gxf5 56. gxf5 Kd5 57. Bg5 Nd7 58. f6 Ne5+
59. Kf4 Ke6 60. Ke4 d3 61. Bf4 Ng6 62. Bg5 d2 63. Bxd2 Nxh4 64. Bg5 Ng6 65. Kf3
h5 66. Kg3 Kf5 0-1

[Event "Stuttgarter Stadtmeisterschaft 2010 A"]
[Site "Ditzingen"]
[Date "2010.05.15"]
[Round "5.13"]
[White "Melzner, Lukas"]
[Black "Schmittdiel, Eckhard"]
[Result "0-1"]
[WhiteElo "2122"]
[BlackElo "2473"]
[PlyCount "60"]
[EventDate "2010.??.??"]
[WhiteTeam "Schachklub München Südost e.V."]
[BlackTeam "SV Tübingen 1870 e.V."]

1. c4 Nf6 2. Nc3 c5 3. Nf3 g6 4. g3 b6 5. Bg2 Bb7 6. O-O Bg7 7. b3 Ne4 8. Bb2
Nxc3 9. Bxc3 Bxc3 10. dxc3 O-O 11. Qc2 d6 12. Rad1 Nd7 13. Rd2 Qc7 14. Rfd1 a6
15. Ne1 b5 16. cxb5 axb5 17. e4 Ra7 18. f4 Nf6 19. c4 bxc4 20. Qxc4 Rfa8 21. a4
Rb8 22. Nd3 Qb6 23. Nc1 Ba6 24. Qc3 c4+ 25. Kh1 Ng4 26. Qf3 Ne3 27. Re1 Nxg2
28. Kxg2 cxb3 29. Rb2 Bc4 30. Qc3 Rxa4 0-1

[Event "Stuttgarter Stadtmeisterschaft 2010 A"]
[Site "Ditzingen"]
[Date "2010.05.15"]
[Round "5.1"]
[White "Ikonnikov, Viacheslav"]
[Black "Solodovnichenko, Yuri"]
[Result "1/2-1/2"]
[WhiteElo "2558"]
[BlackElo "2578"]
[PlyCount "20"]
[EventDate "2010.??.??"]

1. d4 g6 2. Nf3 Bg7 3. c4 c5 4. d5 f5 5. g3 Nf6 6. Bg2 d6 7. O-O O-O 8. Nc3 Na6
9. Rb1 Nc7 10. b3 a6 1/2-1/2

[Event "Stuttgarter Stadtmeisterschaft 2010 A"]
[Site "Ditzingen"]
[Date "2010.05.15"]
[Round "5.2"]
[White "Gheng, Josef"]
[Black "Teske, Henrik"]
[Result "1/2-1/2"]
[WhiteElo "2321"]
[BlackElo "2553"]
[PlyCount "40"]
[EventDate "2010.??.??"]

1. e4 c6 2. d4 d5 3. Nc3 b5 4. a3 dxe4 5. Nxe4 Nf6 6. Ng3 Bg4 7. Be2 Bxe2 8.
N1xe2 e6 9. Bg5 Nbd7 10. O-O Be7 11. Qd3 O-O 12. Rfd1 h6 13. Bxf6 Nxf6 14. Nc3
Qb6 15. Nce4 Rfd8 16. Nxf6+ Bxf6 17. c3 c5 18. dxc5 Qxc5 19. Ne4 Rxd3 20. Nxc5
Rxd1+ 1/2-1/2

[Event "Stuttgarter Stadtmeisterschaft 2010 A"]
[Site "Ditzingen"]
[Date "2010.05.15"]
[Round "5.5"]
[White "Vaysberg, Alexander"]
[Black "Dobosz, Henryk"]
[Result "0-1"]
[WhiteElo "2218"]
[BlackElo "2375"]
[PlyCount "62"]
[EventDate "2010.??.??"]

1. d4 d5 2. Nf3 c6 3. c4 Nf6 4. Nc3 a6 5. a4 e6 6. e3 c5 7. Bd3 Nc6 8. O-O cxd4
9. exd4 Nb4 10. c5 b6 11. cxb6 Qxb6 12. a5 Qd8 13. Bg5 Be7 14. Bb1 O-O 15. Ne5
Bd7 16. Na4 Bb5 17. Nb6 Bxf1 18. Kxf1 Ne4 19. Bxe7 Qxe7 20. Nxa8 Rxa8 21. Qe2
Qb7 22. Nd3 Nc6 23. f3 Nxd4 24. Qe3 Nb3 25. Ra4 Nbd2+ 26. Ke2 Nc4 27. Qd4 Ned6
28. Rb4 Nb5 29. Qh4 Qa7 30. Qf4 Qg1 31. Qc1 Nd4# 0-1

[Event "Stuttgarter Stadtmeisterschaft 2010 A"]
[Site "Ditzingen"]
[Date "2010.05.15"]
[Round "5.7"]
[White "Gabriel, Josef"]
[Black "Stets, Dmitry"]
[Result "0-1"]
[WhiteElo "2165"]
[BlackElo "2450"]
[PlyCount "124"]
[EventDate "2010.??.??"]

1. c4 g6 2. d4 Bg7 3. Nc3 Nf6 4. e4 d6 5. Be2 O-O 6. Be3 e5 7. d5 Nbd7 8. g4
Nc5 9. f3 a5 10. h4 Bd7 11. h5 c6 12. Qd2 cxd5 13. cxd5 a4 14. Rc1 Rc8 15. Nh3
Qa5 16. Nf2 Rc7 17. h6 Bh8 18. O-O Ra8 19. Nd3 b6 20. Rc2 Be8 21. Rfc1 Nb3 22.
Qe1 Nxc1 23. Qxc1 Nd7 24. a3 Nc5 25. Nb4 Nb3 26. Qf1 Nd4 27. Rc1 Rac8 28. Qf2
Bf6 29. Kg2 Nxe2 30. Qxe2 b5 31. Qf2 Rc4 32. Bd2 Qa8 33. Be3 R8c7 34. Bd2 Qd8
35. Qe3 Bd7 36. Ra1 Rb7 37. Rg1 Ra7 38. Rd1 Qf8 39. Qd3 Bd8 40. Rh1 Bb6 41.
Nxa4 Rd4 42. Qe2 bxa4 43. Bc3 Bc5 44. Bxd4 Bxd4 45. Qd2 Rc7 46. Nc6 Bxc6 47.
Rc1 Bc5 48. dxc6 Rxc6 49. g5 Rb6 50. Rc4 Qb8 51. Kg3 Rxb2 52. Qa5 Qe8 53. Qxa4
Qxa4 54. Rxa4 Rb8 55. Ra6 f6 56. a4 fxg5 57. Rc6 Rb7 58. a5 Kf7 59. Rc8 Ra7 60.
Kh2 Ke6 61. a6 Be3 62. Kg2 Bf4 0-1

[Event "Stuttgarter Stadtmeisterschaft 2010 A"]
[Site "Ditzingen"]
[Date "2010.05.15"]
[Round "5.8"]
[White "Reck, Moritz"]
[Black "Zeller, Frank"]
[Result "1/2-1/2"]
[WhiteElo "2158"]
[BlackElo "2420"]
[PlyCount "82"]
[EventDate "2010.??.??"]

1. g3 e5 2. Bg2 d5 3. d3 Nc6 4. Nc3 Be6 5. e4 d4 6. Nce2 Qd7 7. f4 f6 8. Nf3
O-O-O 9. O-O h6 10. Bd2 Kb8 11. b4 Bd6 12. b5 Nce7 13. a4 Nc8 14. Kh1 Nge7 15.
fxe5 fxe5 16. c3 dxc3 17. Bxc3 Ng6 18. Qc2 Rhf8 19. d4 exd4 20. Nexd4 Bh3 21.
Bxh3 Qxh3 22. Nf5 Nge7 23. Nxd6 Nxd6 24. Bxg7 Rxf3 25. Rxf3 Qg4 26. Rf8 Rxf8
27. Bxf8 Qf3+ 28. Kg1 Qxf8 29. Rc1 Qd8 30. e5 Ndf5 31. Rd1 Nd4 32. Qf2 c5 33.
bxc6 Nexc6 34. e6 Kc8 35. e7 Qxe7 36. Rxd4 Nxd4 37. Qxd4 Qe1+ 38. Kg2 Qe2+ 39.
Kh3 Qh5+ 40. Kg2 Qe2+ 41. Kg1 Qe1+ 1/2-1/2

[Event "Stuttgarter Stadtmeisterschaft 2010 A"]
[Site "Ditzingen"]
[Date "2010.05.15"]
[Round "5.9"]
[White "Schulte, Torsten"]
[Black "Donchenko, Anatoly"]
[Result "1/2-1/2"]
[WhiteElo "2164"]
[BlackElo "2395"]
[PlyCount "42"]
[EventDate "2010.??.??"]

1. d4 d5 2. c4 dxc4 3. Nf3 a6 4. a4 Nf6 5. e3 e6 6. Bxc4 c5 7. O-O Nc6 8. Nc3
Qc7 9. Qe2 Bd6 10. dxc5 Bxc5 11. e4 Ng4 12. g3 O-O 13. Kg2 b6 14. h3 Nge5 15.
Bf4 f6 16. Rac1 Qe7 17. Ba2 Bb7 18. Rfd1 Rad8 19. Rxd8 Rxd8 20. Rd1 Rxd1 21.
Qxd1 Nxf3 1/2-1/2

[Event "Stuttgarter Stadtmeisterschaft 2010 A"]
[Site "Ditzingen"]
[Date "2010.05.15"]
[Round "5.10"]
[White "Geshnizjani, Ramin Tobias"]
[Black "Vuckovic, Aleksandar"]
[Result "1/2-1/2"]
[WhiteElo "2077"]
[BlackElo "2317"]
[PlyCount "137"]
[EventDate "2010.??.??"]

1. e4 c5 2. Nf3 Nc6 3. d4 cxd4 4. Nxd4 g6 5. c4 Bg7 6. Be3 Nf6 7. Nc3 O-O 8.
Be2 d6 9. O-O Bd7 10. Rc1 Nxd4 11. Bxd4 Bc6 12. f3 a5 13. b3 Nd7 14. a3 Bxd4+
15. Qxd4 Nc5 16. Rb1 Qb8 17. b4 axb4 18. axb4 Na4 19. Nd5 Bxd5 20. cxd5 Rc8 21.
Rfc1 Rxc1+ 22. Rxc1 Qd8 23. Ra1 Nb6 24. Rxa8 Nxa8 25. Kf2 Nb6 26. Bb5 Qc7 27.
h4 h6 28. Qe3 Kg7 29. Qd4+ Kg8 30. Qe3 Nc4 31. Bxc4 Qxc4 32. Qb6 Qc8 33. Kg3
Kg7 34. Qd4+ f6 35. Qb6 Kf7 36. Qe3 g5 37. hxg5 hxg5 38. f4 gxf4+ 39. Qxf4 Qc3+
40. Qf3 Qe5+ 41. Qf4 Qc3+ 42. Qf3 Qe1+ 43. Kh3 Ke8 44. Qg4 Kd8 45. Qg8+ Kc7 46.
Qe6 Qh1+ 47. Kg3 Qh7 48. Kf3 Kb6 49. Qd7 Qh5+ 50. Ke3 Qe5 51. Qd8+ Kb5 52. Qd7+
Kxb4 53. Qxb7+ Kc4 54. Qc6+ Kb3 55. Qb5+ Kc3 56. Qd3+ Kb4 57. Qd4+ Kb5 58. Qxe5
dxe5 59. Kf3 Kc4 60. Kg4 Kc5 61. Kf5 Kd6 62. g4 Kd7 63. g5 fxg5 64. Kxg5 Kc7
65. Kg6 Kd7 66. Kf7 Kd6 67. Kg7 Kc7 68. Kg6 Kd7 69. Kf5 1/2-1/2

[Event "Stuttgarter Stadtmeisterschaft 2010 A"]
[Site "Ditzingen"]
[Date "2010.05.15"]
[Round "5.11"]
[White "Stein, Carsten"]
[Black "Latzke, Boris Alexander"]
[Result "0-1"]
[WhiteElo "1977"]
[BlackElo "2264"]
[PlyCount "48"]
[EventDate "2010.??.??"]

1. d4 Nf6 2. Nf3 e6 3. Bg5 b6 4. Nbd2 Bb7 5. e4 h6 6. Bxf6 Qxf6 7. Bd3 d6 8.
Qe2 Qe7 9. c3 g6 10. O-O Bg7 11. e5 O-O 12. Be4 Bxe4 13. Qxe4 d5 14. Qd3 c5 15.
Rad1 Nc6 16. Rfe1 Rfc8 17. c4 Rd8 18. Qe3 cxd4 19. Nxd4 Nxd4 20. Qxd4 Rac8 21.
cxd5 Rxd5 22. Qf4 Rcd8 23. Re2 Qc5 24. Rde1 g5 0-1